Приспособления для облегчения разборки и наращивния става буровых штанг при вращательно-ударном бурении подземных скважин; Вопросы горного дела. Горная электромеханика и горные машины

Dettagli Bibliografici
Parent link:Вопросы горного дела. Горная электромеханика и горные машины.— 1973.— С. 102-104
Altri autori: Кошкаров Г. М., Гуреев В. И., Горбунов В. Ф. Валерий Федорович, Саруев Л. А. Лев Алексеевич
Riassunto:В фонде НТБ ТПУ отсутствует
Lingua:russo
Pubblicazione: 1973
Soggetti:
Natura: Capitolo di libro
KOHA link:https://koha.lib.tpu.ru/cgi-bin/koha/opac-detail.pl?biblionumber=594835

MARC

LEADER 00000naa0a2200000 4500
001 594835
005 20250217173836.0
035 |a (RuTPU)RU\TPU\tpu\11878 
035 |a RU\TPU\tpu\11877 
090 |a 594835 
100 |a 20040317d1973 k y0rusy50 ca 
101 0 |a rus 
102 |a RU 
200 1 |a Приспособления для облегчения разборки и наращивния става буровых штанг при вращательно-ударном бурении подземных скважин  |f Г. М. Кошкаров [и др.] 
333 |a В фонде НТБ ТПУ отсутствует 
463 |t Вопросы горного дела. Горная электромеханика и горные машины  |v С. 102-104  |d 1973 
610 1 |a буровые штанги 
610 1 |a наращивание 
610 1 |a разборка 
610 1 |a вращательно-ударное бурение 
610 1 |a подземные скважины 
610 1 |a труды учёных ТПУ 
701 1 |a Кошкаров  |b Г. М. 
701 1 |a Гуреев  |b В. И. 
701 1 |a Горбунов  |b В. Ф.  |c российский ученый, специалист в области горной механики  |c профессор Томского политехнического университета  |f 1926-  |g Валерий Федорович  |3 (RuTPU)RU\TPU\pers\19777 
701 1 |a Саруев  |b Л. А.  |c горный инженер  |c профессор Томского политехнического университета, доктор технических наук  |f 1940-  |g Лев Алексеевич  |3 (RuTPU)RU\TPU\pers\19862 
801 1 |a RU  |b 63413507  |c 20040317  |g PSBO 
801 2 |a RU  |b 63413507  |c 20160607  |g PSBO 
942 |c BK